A-Z of Girls names Quiz Stats

 Plays Quiz not verified by Sporcle

Support Sporcle.
Go Orange.
Score 0/26 Timer 03:00
0 Plays Today
Ends in ... Girl name % Correct
YAmy
73.5%
HHannah
67.3%
AEmma
55.1%
AOlivia
46.9%
EChloe
42.9%
EZoe
38.8%
YBethany
34.7%
ENatalie
32.7%
AJessica
28.6%
AFiona
24.5%
YLucy
24.5%
EKatie
20.4%
EDanielle
18.4%
Ends in ... Girl name % Correct
NImogen
18.4%
YWendy
18.4%
EPenelope
16.3%
ASamantha
16.3%
EMillie
12.2%
NQuinn
12.2%
AGemma
10.2%
AUrsula
10.2%
NRhiannon
8.2%
ATina
8.2%
TViolet
6.1%
NYazmin
4.1%
AXaviera
4.1%

You're not logged in!

Compare scores with friends on all Sporcle quizzes.
OR
Log In

From the Vault

Famous Quotes About 'Q', 'X', 'Y' & 'Z'

by citkeane

Wisdom from the other end of the alphabet.
Remove Ads.
Support Sporcle.
Get the best of Sporcle when you Go Orange. This ad-free experience offers more features, more stats, and more fun while also helping to support Sporcle. Thank you for becoming a member.

Show Comments

Extras

Created Mar 7, 2011ReportNominate
Tags:Girls Names, name

Top Quizzes Today


Score Distribution

Your Account Isn't Verified!

In order to create a playlist on Sporcle, you need to verify the email address you used during registration. Go to your Sporcle Settings to finish the process.

Report this User

Report this user for behavior that violates our Community Guidelines.

Details: